Statistics for Turkey Euro 2020 Squad

Click here to take the quiz!

General Stats

  • This quiz has been taken 469 times
    (455 since last reset)
  • The average score is 15 of 27

Answer Stats

#PositionPlayer% Correct
17FW ©Burak Yılmaz
91%
4DFÇağlar Söyüncü
83%
10MFHakan Çalhanoğlu
81%
3DFMerih Demiral
81%
18DFRıdvan Yılmaz
80%
7MFCengiz Ünder
69%
23GKUğurcan Çakır
69%
2DFZeki Çelik
69%
12GKAltay Bayındır
61%
1GKMert Günok
59%
6MFOzan Tufan
56%
11MFYusuf Yazıcı
56%
15DFOzan Kabak
53%
16FWEnes Ünal
52%
ManagerŞenol Güneş
52%
21MFİrfan Kahveci
50%
22DFKaan Ayhan
49%
25DFMert Müldür
47%
5MFOkay Yokuşlu
46%
9FWKenan Karaman
44%
24MFKerem Aktürkoğlu
42%
19MFOrkun Kökçü
38%
13DFUmut Meraş
38%
26FWHalil Dervişoğlu
31%
14MFTaylan Antalyalı
31%
20MFAbdülkadir Ömür
30%
8MFDorukhan Toköz
25%

Score Distribution

Percentile by Number Answered

Percent of People with Each Score

Your Score History

You have not taken this quiz since the last reset